Elucidations : (Record no. 40652)

MARC details
000 -LEADER
fixed length control field 00847nam a22002297a 4500
005 - DATE AND TIME OF LATEST TRANSACTION
control field 20100810140437.0
010 ## - LCCN (DPL NO)
LC control number ENG-99337
020 ## - INTERNATIONAL STANDARD BOOK NUMBER
International Standard Book Number 8126026189
Terms of availability 50.00
035 ## - SYSTEM CONTROL NUMBER
System control number EN-82869
037 ## - SOURCE OF ACQUISITION
Source of stock number/acquisition DBAD/PUB
082 ## - DEWEY DECIMAL CLASSIFICATION NUMBER
Classification number 871.1
100 ## - MAIN ENTRY--PERSONAL NAME
Personal name Rahman, Abdul
245 ## - TITLE STATEMENT
Title Elucidations :
Remainder of title alapanai /
Statement of responsibility, etc by Abdul Rahman; translated by R. Natarajan
260 ## - PUBLICATION, DISTRIBUTION, ETC. (IMPRINT)
Place of publication, distribution, etc New Delhi
Name of publisher, distributor, etc Sahitya Akademi
Date of publication, distribution, etc 2008
270 ## - ADDRESS
Address Rabindra Bhavan, 35, Ferozeshah Road
City New Delhi
Postal code 110001
300 ## - PHYSICAL DESCRIPTION
Extent 103p.
Dimensions 21cm (pbk)
490 ## - SERIES STATEMENT
Series statement Sahitya akademi award winning collection of Tamil poems
-- 10099
650 ## - SUBJECT ADDED ENTRY--TOPICAL TERM
Topical term or geographic name as entry element Tamil poetry
700 ## - ADDED ENTRY--PERSONAL NAME
Personal name Natarajan, R.
9 (RLIN) 10101
942 ## - ADDED ENTRY ELEMENTS (KOHA)
Source of classification or shelving scheme Dewey Decimal Classification
Item type English Books
Classification part 871.1
Call number suffix RAH
Holdings
Withdrawn status Lost status Not for loan Collection code Home library Current library Date acquired Source of acquisition Cost, normal purchase price Full call number Barcode Copy number Cost, replacement price Koha item type
    Not For Loan Non-fiction D.B.Act.Division D.B.Act.Division 10/08/2010 DBAD/PUB 50.00 871.1 RAH EN-82869 1 50.00 English Books

© Delhi Public Library
Hit Counter
free hit counter